000 00664nam a2200229 i 4500
001 C2-0135108
003 PPAK
005 20180727123827.0
008 971206s1975 my |||| ||||| | eng d
040 _aPPAK
_beng
_cPPAK
_erda
082 0 4 _a350.009595
_223
090 0 0 _a350.009595
_bLAT
_dKIH
100 0 _aLatheef N. Ahmed,
_eauthor
245 1 0 _aNew thinking for Malaysian public administration
264 1 _aKuala Lumpur :
_bDewan Bahasa dan Pustaka ,
_c1975
300 _axxvi, 329 pages ;
_c22 cm
336 _2rdacontent
_atext
337 _2rdamedia
_aunmediated
338 _2rdacarrier
_avolume
650 1 0 _aPublic administration
942 _ddc
_cB
999 _c42470
_d42470